| 000 | 00875cab a2200217 4500 | ||
|---|---|---|---|
| 001 | E85717 | ||
| 008 | 090401t1997 xxu||||| |||| 00| 0 eng d | ||
| 035 | _a(Sirsi) u80137 | ||
| 041 | _aeng | ||
| 245 | _aMcMahon`s Trustee v McMahon | ||
| 260 | _c1997 | ||
| 350 | _a0 | ||
| 490 |
_aGreens Housing Law Reports _v1997 HousLR 74-80(7) |
||
| 520 | _aExtra Division. 11 February 1997. Bankruptcy - sequestration - power of trustee - sale of family home - conditions on exercise of power of sale - counterclaim for share in increase in value of property - whether court entitled to attach condition to sale which would divert funds away from proceedds of sale - Bankruptcy (Scotland) Act 1985 (c66), s40. | ||
| 650 | _aBANKRUPTCY (SCOTLAND) ACT 1985 | ||
| 650 | _aBANKRUPTCY | ||
| 650 | _aFAMILY HOME | ||
| 690 | _aHOUSING-CASE LAW | ||
| 942 | _n0 | ||
| 948 | _c07/08/1997 | ||
| 999 |
_c50439 _d50439 |
||